Stati per popolazione - 2050 - Statistics

Statistiche generali
  • Questo quiz è stato fatto 37 volte
  • Il punteggio medio è 8 su 10
Statistiche sulle risposte
Popolazione (ab.) Continente Nazione % Corretto
238 390 000 America del Sud Brasile
100%
1 437 978 000 Asia Cina
100%
1 656 554 000 Asia India
100%
398 329 000 America del Nord Stati Uniti
100%
402 224 000 Africa Nigeria
90%
327 282 000 Asia Indonesia
84%
366 570 000 Asia Pakistan
84%
201 249 000 Asia Bangladesh
68%
155 381 000 Asia Filippine
68%
228 067 000 Africa Etiopia
55%
Nessun quiz corrispondente trovato
Distribuzione punteggi
Percentuale di utenti per punteggio
Percentile per numero di risposta
I tuoi punteggi nel tempo
Non hai fatto questo quiz